The Birth of Homo, the Marine Chimpanzee : (Record no. 176569)

MARC details
000 -LEADER
fixed length control field 01136nam a22002777i 4500
003 - CONTROL NUMBER IDENTIFIER
control field OSt
005 - DATE AND TIME OF LATEST TRANSACTION
control field 20200302121641.0
008 - FIXED-LENGTH DATA ELEMENTS--GENERAL INFORMATION
fixed length control field 200302s2017 enk g 001 0 eng d
020 ## - INTERNATIONAL STANDARD BOOK NUMBER
International Standard Book Number 9781780664453
Terms of availability RM71.95
Qualifying information paperback
040 ## - CATALOGING SOURCE
Original cataloging agency PPAK
Language of cataloging eng
Transcribing agency PPAK
Description conventions rda
082 04 - DEWEY DECIMAL CLASSIFICATION NUMBER
Edition number 23
Classification number 599.938
090 00 - LOCALLY ASSIGNED LC-TYPE CALL NUMBER (OCLC); LOCAL CALL NUMBER (RLIN)
Classification number (OCLC) (R) ; Classification number, CALL (RLIN) (NR) 599.938
Feature heading ODE
Feature heading R
100 1# - MAIN ENTRY--PERSONAL NAME
Personal name Odent, Michel,
Dates associated with a name 1930-
Relator term author.
245 10 - TITLE STATEMENT
Title The Birth of Homo, the Marine Chimpanzee :
Remainder of title When the tool becomes the master /
Statement of responsibility, etc. Michel Odent
264 #1 - PRODUCTION, PUBLICATION, DISTRIBUTION, MANUFACTURE, AND COPYRIGHT NOTICE
Place of production, publication, distribution, manufacture London :
Name of producer, publisher, distributor, manufacturer Pinter & Martin Ltd,
Date of production, publication, distribution, manufacture, or copyright notice 2017
300 ## - PHYSICAL DESCRIPTION
Extent 144 pages :
Dimensions 22 cm
336 ## - CONTENT TYPE
Source rdacontent
Content type term text
337 ## - MEDIA TYPE
Source rdamedia
Media type term unmediated
338 ## - CARRIER TYPE
Source rdacarrier
Carrier type term volume
500 ## - GENERAL NOTE
General note Includes index and references pages
520 ## - SUMMARY, ETC.
Summary, etc. In his latest wide-ranging survey of current scientific thinking, revolutionary thinker and birth pioneer Michel Odent proposes that we view the genus Homo as a `marine chimpanzee', with consequences for every area of human development and experience
650 10 - SUBJECT ADDED ENTRY--TOPICAL TERM
Topical term or geographic name entry element Human beings
Form subdivision Origin
General subdivision Popular works
Topical term or geographic name entry element Human evolution
Form subdivision Popular works
Topical term or geographic name entry element Human beings -
Form subdivision Origin
942 ## - ADDED ENTRY ELEMENTS (KOHA)
Source of classification or shelving scheme Dewey Decimal Classification
Koha item type Book
Holdings
Withdrawn Not for loan Current library Shelving location Date acquired Total Checkouts Full call number Barcode Date last seen Date last checked out Koha item type
    Perpustakaan Alor Setar Pinjaman Dewasa 15/03/2020 3 599.938 ODE A01635142 04/11/2020 04/11/2020 Book